000 00230nam a2200097Ia 4500
005 20251222114406.0
008 251222s1900||||xx |||||||||||||| ||spa||
082 _aDVD0070/S47/1999
245 0 _aNi uno menos:Not one less
942 _cDVD
999 _c1842
_d1842